20 titres les plus écoutés de System of a Down - Statistiques

Statistiques générales
  • Ce quiz a été pris 30 fois
  • Le résultat moyen est 12 sur 20
Statistiques - réponses
Nb. d'écoutes Album % Correct
+ 1 451 000 000 Toxicity
96%
+ 1 912 000 000 Toxicity
92%
+ 949 000 000 Hypnotize
80%
+ 794 000 000 Mezmerize
76%
+ 877 000 000 Toxicity
72%
+ 239 000 000 Toxicity
68%
+ 253 000 000 Mezmerize
64%
+ 415 000 000 System of a Down
64%
+ 333 000 000 Hypnotize
60%
+ 202 000 000 Toxicity
60%
+ 272 000 000 Mezmerize
52%
+ 149 000 000 Toxicity
48%
+ 114 000 000 Steal This Album!
48%
+ 124 000 000 Hypnotize
48%
+ 204 000 000 System of a Dawn
48%
+ 227 000 000 Steal This Album!
44%
+ 170 000 000 Mezmerize
44%
+ 169 000 000 Mezmerize
44%
+ 192 000 000 Mezmerize
40%
+ 115 000 000 Hypnotize
24%
Aucun quiz correspondant
Distribution des résultats
% des personnes avec chaque résultat
Percentile par nombre de réponses
Votre historique - résultats
Vous n’avez pas pris ce quiz